<?xml version="1.0" encoding="UTF-8"?>
<record
    xmlns:xsi="http://www.w3.org/2001/XMLSchema-instance"
    xsi:schemaLocation="http://www.loc.gov/MARC21/slim http://www.loc.gov/standards/marcxml/schema/MARC21slim.xsd"
    xmlns="http://www.loc.gov/MARC21/slim">

  <leader>00841nam a2200205 a 4500</leader>
  <controlfield tag="001">000024210</controlfield>
  <controlfield tag="005">20200930022818.0</controlfield>
  <controlfield tag="008">110120s1990    cu      r     000 0 spa d</controlfield>
  <datafield tag="040" ind1=" " ind2=" ">
    <subfield code="a">DO-SdBNP</subfield>
    <subfield code="b">spa</subfield>
    <subfield code="c">BNPHU</subfield>
  </datafield>
  <datafield tag="082" ind1=" " ind2=" ">
    <subfield code="a">nnnn</subfield>
    <subfield code="b">C961p</subfield>
  </datafield>
  <datafield tag="245" ind1="0" ind2="0">
    <subfield code="a">Cuando el pa&#xED;s llama :</subfield>
    <subfield code="b">epistolario /</subfield>
    <subfield code="c">compilado por Leonardo Depestre Catony y Eladio Blanco Cabrera ; pr&#xF3;logo de Joaqu&#xED;n G. Santana ; edici&#xF3;n de Carina Pino-Santos Navarro.</subfield>
  </datafield>
  <datafield tag="260" ind1=" " ind2=" ">
    <subfield code="a">La Habana, Cuba :</subfield>
    <subfield code="b">Pol&#xED;tica,</subfield>
    <subfield code="c">1990.</subfield>
  </datafield>
  <datafield tag="300" ind1=" " ind2=" ">
    <subfield code="a">xvii, 294, [8] p. ;</subfield>
    <subfield code="c">17 cm.</subfield>
  </datafield>
  <datafield tag="504" ind1=" " ind2=" ">
    <subfield code="a">Incluye referencias bibliogr&#xE1;ficas y notas al pie de las p&#xE1;ginas.</subfield>
  </datafield>
  <datafield tag="700" ind1="1" ind2=" ">
    <subfield code="a">Depestre Catony, Leonardo,</subfield>
    <subfield code="e">comp.</subfield>
    <subfield code="9">9704</subfield>
  </datafield>
  <datafield tag="700" ind1="1" ind2=" ">
    <subfield code="a">Blanco Cabrera, Eladio,</subfield>
    <subfield code="e">comp.</subfield>
    <subfield code="9">49725</subfield>
  </datafield>
  <datafield tag="700" ind1="1" ind2=" ">
    <subfield code="a">Santana, Joaqu&#xED;n G.,</subfield>
    <subfield code="e">pr&#xF3;l.</subfield>
    <subfield code="9">49726</subfield>
  </datafield>
  <datafield tag="700" ind1="1" ind2=" ">
    <subfield code="a">Pino-Santos Navarro, Carina,</subfield>
    <subfield code="e">ed.</subfield>
    <subfield code="9">46946</subfield>
  </datafield>
  <datafield tag="049" ind1=" " ind2=" ">
    <subfield code="a">BNGR</subfield>
  </datafield>
  <datafield tag="952" ind1=" " ind2=" ">
    <subfield code="0">0</subfield>
    <subfield code="1">0</subfield>
    <subfield code="5">2</subfield>
    <subfield code="7">0</subfield>
    <subfield code="8">MO</subfield>
    <subfield code="a">GR</subfield>
    <subfield code="b">GR</subfield>
    <subfield code="c">CT</subfield>
    <subfield code="d">2011-01-20</subfield>
    <subfield code="i">LF1</subfield>
    <subfield code="l">0</subfield>
    <subfield code="o">nnnn C961p</subfield>
    <subfield code="p">24210-10</subfield>
    <subfield code="r">2020-06-25</subfield>
    <subfield code="w">2020-06-25</subfield>
    <subfield code="y">2</subfield>
    <subfield code="Z">Pr&#xE9;stamo interno</subfield>
  </datafield>
  <datafield tag="999" ind1=" " ind2=" ">
    <subfield code="c">23704</subfield>
    <subfield code="d">23704</subfield>
  </datafield>
</record>
